000 02829nam a2200241Ia 4500
003 Ost
005 20260507075752.0
008 260507s9999||||xx |||||||||||||| ||und||
020 _a9789931140368
040 _cfsecg
041 _aara
082 _a350
100 _aمجموعة من المؤلفين
_eمؤلف
245 0 _aإدارة المعرفة في المؤسسة الإقتصادية (الجزء الأول) /
_c مجموعة من المؤلفين
260 _aالجزائر:
_bأجيال الرقمي,
_c2024
300 _a458 صفحة؛
_bإيضاحات ؛
_c24 سم
520 _aتناولنا في هذا الكتاب مايلي التأصيل النظري لإدارة المعرفة الأسس والمفاهيم، إدارة المعرفة مدخل مفاهيمي ومنطلقات نظرية، تحليل البنية المعرفية لإدارة المعرفة، إدارة المعرفة وتحقيق الميزة التنافسية في البنوك الجزائرية دراسة حالة بنك الوطني الجزائري، إدارة المعرفة كمدخل لبناء الميزة التنافسية، دور اقتصاد المعرفة في تحقيق القدرة التنافسية، استراتيجية تدريب المورد البشري في ظل إدارة المعرفة، إدارة المعرفة مكونا جوهريا لاستراتيجية الجودة الشاملة في المنظمة، أساسيات ادارة المعرفة، متطلبات تطبيق نماذج الادارة المعرفية في منظمات الأعمال، ادارة المعرفة كمدخل لبناء الميزة التنافسية، دور نظرية خلق المعرفة التنظيمية في الترسيخ المفاهيمي لإدارة المعرفة، تحويل ونقل المعرفة من خلال استراتيجية التعهيد، أثر الافصاح المحاسبي عن الاستثمار في رأس المال البشري على أداة المؤسسة، دور ممارسات إدارة الموارد البشرية في تبني ادارة المعرفة، المقاربات النظرية والتفسيرية لإدارة المعرفة، الاستثمار في التعليم وتحديات بناء اقتصاد المعرفة، ادارة المعرفة في الوقت المناسب لدعم الاستجابة للأزمات، agner la guerre des talents comment rendre l'entreprise attractive et distinctive, The role of knowledge management in the continuous development of the future work of organizations(how to reach the level of good performance through knowledge management).
653 _aادارة المعرفة
653 _aالإدارة
653 _aالقوى العاملة
653 _aالمعرفة
942 _cكتاب
999 _c46230
_d46230